000
00284nam a2200121Ia 4500
008
190216s9999||||xx |||||||||||||| ||und||
100
_a
Varshney P N
245
0
_a
Banking Law And Practise
260
_b
Sulthan Chand&Sons
_c
1982
300
_a
450p
650
_a
Economics
942
_c
BK
999
_c
9509
_d
9509